[Event "Muensterland Regionalliga Gr1 2223"]
[Site "Germany"]
[Date "2023.02.04"]
[Round "6.3"]
[White "Averkamp Peters, Jens"]
[Black "Vogenauer, Nikolas"]
[Result "1-0"]
[WhiteElo "2003"]
[BlackElo "1914"]
[PlyCount "34"]
[EventDate "2022.09.03"]
[EventType "team-tourn"]
[EventRounds "7"]
[EventCountry "GER"]
[SourceTitle "EXT 2024"]
[Source "ChessBase"]
[SourceDate "2023.10.10"]
[SourceVersion "1"]
[SourceVersionDate "2023.10.10"]
[SourceQuality "1"]
[WhiteTeam "Rheine Klein Berlin"]
[BlackTeam "Muenster SK IV"]
[WhiteTeamCountry "GER"]
[BlackTeamCountry "GER"]

1. e4 e5 2. d4 exd4 3. Nf3 d6 4. c3 dxc3 5. Nxc3 Nf6 6. Bc4 Be7 7. Qb3 0-0 8. Ng5 Qe8 9. 0-0 c6 10. Re1 Nbd7 11. f4 Nc5 12. Qc2 h6 13. e5 hxg5 14. exf6 gxf6 15. Qg6+ Kh8 16. Qh6+ Kg8 17. fxg5 Qd8 1-0

[Event "Muensterland Regionalliga 1819"]
[Site "Germany"]
[Date "2019.05.11"]
[Round "9.4"]
[White "Ortmeier, Leonhard"]
[Black "Averkamp Peters, Jens"]
[Result "1/2-1/2"]
[WhiteElo "2107"]
[BlackElo "1922"]
[PlyCount "74"]
[EventDate "2018.09.08"]
[EventType "team-tourn"]
[EventRounds "9"]
[EventCountry "GER"]
[SourceTitle "EXT 2020"]
[Source "ChessBase"]
[SourceDate "2019.10.17"]
[SourceVersion "1"]
[SourceVersionDate "2019.10.17"]
[SourceQuality "1"]
[WhiteTeam "Emsdetten Rochade"]
[BlackTeam "Rheine Klein Berlin"]
[WhiteTeamCountry "GER"]
[BlackTeamCountry "GER"]

1. e4 d5 2. exd5 Nf6 3. d4 c6 4. Bd3 cxd5 5. Ne2 Nc6 6. c3 e5 7. dxe5 Nxe5 8. Bb5+ Bd7 9. Bxd7+ Qxd7 10. 0-0 Bd6 11. Bf4 0-0 12. Nd2 Rfe8 13. Nd4 Ne4 14. N2f3 Rad8 15. Bxe5 Bxe5 16. Nxe5 Rxe5 17. Re1 Rde8 18. Nf3 R5e7 19. Qd4 b6 20. Rad1 Ng5 21. Rxe7 Nxf3+ 22. gxf3 Qxe7 23. Qxd5 h6 24. a3 Qe2 25. Rd2 Qe1+ 26. Kg2 Re6 27. Rd4 Re2 28. Qd8+ Kh7 29. Qh4 g5 30. Qg3 Rxb2 31. f4 g4 32. f5 Rb1 33. Qxg4 Qg1+ 34. Kf3 Qxh2 35. Rd7 Qh1+ 36. Qg2 Qh5+ 37. Qg4 Qh1+ 1/2-1/2

[Event "Muensterland Regionalliga 1819"]
[Site "Germany"]
[Date "2019.02.02"]
[Round "6.3"]
[White "Baumann, Stephan"]
[Black "Averkamp Peters, Jens"]
[Result "0-1"]
[WhiteElo "2023"]
[BlackElo "1922"]
[PlyCount "66"]
[EventDate "2018.09.08"]
[EventType "team-tourn"]
[EventRounds "9"]
[EventCountry "GER"]
[SourceTitle "EXT 2020"]
[Source "ChessBase"]
[SourceDate "2019.10.17"]
[SourceVersion "1"]
[SourceVersionDate "2019.10.17"]
[SourceQuality "1"]
[WhiteTeam "Muenster II"]
[BlackTeam "Rheine Klein Berlin"]
[WhiteTeamCountry "GER"]
[BlackTeamCountry "GER"]

1. e4 d5 2. Nc3 d4 3. Nce2 e5 4. f4 Bg4 5. d3 exf4 6. Bxf4 Bb4+ 7. Bd2 Bd6 8. g3 Nc6 9. Bg2 h5 10. Nf3 h4 11. 0-0 Bxf3 12. Rxf3 hxg3 13. h3 Qd7 14. Qf1 Ne5 15. Rxg3 Nf6 16. Bf4 Nh5 17. Bxe5 Bxe5 18. Rf3 g5 19. Rf5 f6 20. Rd1 g4 21. h4 0-0-0 22. Qe1 Ng7 23. Rf1 Qd6 24. c3 Ne6 25. cxd4 Nxd4 26. Nc3 Bh2+ 27. Kh1 Bg3 28. e5 Rxh4+ 29. Kg1 Qb6 30. Rf2 Nf3+ 31. Bxf3 gxf3 32. Ne4 Bxf2+ 33. Qxf2 Rg8+ 0-1

[Event "Muensterland Regionalliga 1819"]
[Site "Germany"]
[Date "2018.12.01"]
[Round "4.3"]
[White "Naumann, Felix"]
[Black "Averkamp Peters, Jens"]
[Result "1-0"]
[WhiteElo "1860"]
[BlackElo "1922"]
[PlyCount "87"]
[EventDate "2018.09.08"]
[EventType "team-tourn"]
[EventRounds "9"]
[EventCountry "GER"]
[SourceTitle "EXT 2020"]
[Source "ChessBase"]
[SourceDate "2019.10.17"]
[SourceVersion "1"]
[SourceVersionDate "2019.10.17"]
[SourceQuality "1"]
[WhiteTeam "Bocholt"]
[BlackTeam "Rheine Klein Berlin"]
[WhiteTeamCountry "GER"]
[BlackTeamCountry "GER"]

1. d4 d5 2. Nf3 Nf6 3. Bf4 c5 4. e3 Nc6 5. c3 e6 6. Bd3 Nh5 7. Bg5 Be7 8. Ne5 Nxe5 9. dxe5 Bxg5 10. Qxh5 Bd7 11. Nd2 g6 12. Qe2 Qb6 13. f4 Bh4+ 14. g3 Be7 15. Nf3 c4 16. Bb1 Bc6 17. Nd4 Bc5 18. 0-0 a5 19. g4 0-0-0 20. Qd2 Bxd4 21. cxd4 Rdf8 22. b3 Qd8 23. Qf2 b5 24. Rc1 Kb7 25. a4 b4 26. Qe2 c3 27. Bd3 f5 28. exf6 Rxf6 29. Ra2 Qb6 30. g5 Rf7 31. Qg4 Bd7 32. Qe2 Rhf8 33. Rca1 Bc6 34. Bb5 Rf5 35. Bxc6+ Kxc6 36. Qb5+ Kc7 37. h4 Rb8 38. Qd3 Qd6 39. Rh2 Rbf8 40. h5 h6 41. hxg6 hxg5 42. Rh7+ Kd8 43. Qb5 gxf4 44. Qxa5+ 1-0

[Event "Muensterland Regionalliga 1718"]
[Site "Germany"]
[Date "2017.09.30"]
[Round "2.8"]
[White "Averkamp Peters, Jens"]
[Black "Raschke, Wolf Dieter"]
[Result "1/2-1/2"]
[WhiteElo "1908"]
[BlackElo "1662"]
[PlyCount "49"]
[EventDate "2017.09.02"]
[EventType "team-tourn"]
[EventRounds "9"]
[EventCountry "GER"]
[SourceTitle "EXT 2019"]
[Source "ChessBase"]
[SourceDate "2018.10.10"]
[SourceVersion "1"]
[SourceVersionDate "2018.10.10"]
[SourceQuality "1"]
[WhiteTeam "Rheine Klein Berlin"]
[BlackTeam "Muenster SK II"]
[WhiteTeamCountry "GER"]
[BlackTeamCountry "GER"]

1. e4 e6 2. d4 d5 3. e5 c5 4. c3 Nc6 5. Nf3 Qb6 6. Be2 cxd4 7. cxd4 Nge7 8. Nc3 Nf5 9. Bb5 Bb4 10. Bxc6+ bxc6 11. 0-0 Bd7 12. Na4 Qb5 13. a3 Be7 14. Nc3 Qc4 15. g4 Nh6 16. h3 c5 17. Be3 cxd4 18. Nxd4 Rb8 19. Qd2 Ng8 20. Rac1 Qa6 21. Rfe1 h5 22. g5 g6 23. Rc2 Bd8 24. Bf4 Ne7 25. Rec1 1/2-1/2

[Event "Muensterland Regionalliga 1617"]
[Site "Germany"]
[Date "2017.05.13"]
[Round "9.7"]
[White "Averkamp Peters, Jens"]
[Black "Janning, Rainer"]
[Result "0-1"]
[WhiteElo "1908"]
[BlackElo "1887"]
[PlyCount "80"]
[EventDate "2016.09.17"]
[EventType "team"]
[EventRounds "9"]
[EventCountry "GER"]
[SourceTitle "EXT 2018"]
[Source "ChessBase"]
[SourceDate "2017.10.13"]
[SourceVersion "1"]
[SourceVersionDate "2017.10.13"]
[SourceQuality "1"]
[WhiteTeam "Rheine Klein Berlin"]
[BlackTeam "Steinfurt"]
[WhiteTeamCountry "GER"]
[BlackTeamCountry "GER"]

1. e4 c6 2. d4 d5 3. e5 Bf5 4. Nf3 e6 5. Be2 c5 6. 0-0 Nc6 7. Nc3 a6 8. Be3 cxd4 9. Nxd4 Nxd4 10. Qxd4 Ne7 11. Bg5 Qc7 12. Bxe7 Bxe7 13. Qa4+ Kf8 14. Qf4 g5 15. Qe3 h6 16. Bd3 Bc5 17. Qe2 Bxd3 18. cxd3 Bd4 19. Rfe1 Bxc3 20. bxc3 Rc8 21. Rac1 b5 22. g3 Kg7 23. Qf3 Qe7 24. Rc2 Rc7 25. Rec1 Rhc8 26. Qe3 f5 27. exf6+ Qxf6 28. Qd2 Rc6 29. d4 Qf3 30. a3 a5 31. Qe3 Qxe3 32. fxe3 b4 33. axb4 axb4 34. Kf1 b3 35. Rb2 Rxc3 36. Rxc3 Rxc3 37. Ke2 Kf6 38. g4 e5 39. dxe5+ Kxe5 40. Rd2 Rc2 0-1

[Event "Muensterland Regionalliga 1617"]
[Site "Germany"]
[Date "2017.02.04"]
[Round "6.6"]
[White "Averkamp Peters, Jens"]
[Black "Schmeing, Walter"]
[Result "1/2-1/2"]
[WhiteElo "1908"]
[BlackElo "2000"]
[PlyCount "84"]
[EventDate "2016.09.17"]
[EventType "team"]
[EventRounds "9"]
[EventCountry "GER"]
[SourceTitle "EXT 2018"]
[Source "ChessBase"]
[SourceDate "2017.10.13"]
[SourceVersion "1"]
[SourceVersionDate "2017.10.13"]
[SourceQuality "1"]
[WhiteTeam "Rheine Klein Berlin"]
[BlackTeam "Suedlohn"]
[WhiteTeamCountry "GER"]
[BlackTeamCountry "GER"]

1. e4 e5 2. Nf3 Nc6 3. d4 exd4 4. c3 d3 5. Bxd3 d6 6. Qb3 h6 7. 0-0 Nf6 8. Bc4 Qd7 9. Bb5 a6 10. Bd3 Ne5 11. Nxe5 dxe5 12. Rd1 Bd6 13. h3 Qc6 14. Qc2 Be6 15. Be3 Bc4 16. Bxc4 Qxc4 17. Nd2 Qc6 18. f3 0-0 19. Nf1 Rfd8 20. Qf2 Nh5 21. Qh4 Nf4 22. Kh1 Ng6 23. Qf2 Be7 24. g3 Rxd1 25. Rxd1 Qe6 26. Qg2 Qxa2 27. f4 exf4 28. gxf4 Qa4 29. Rd4 Qa1 30. f5 Nh4 31. Qe2 Bf6 32. Rd1 Qa4 33. Ng3 Re8 34. Qg4 Kh7 35. Rg1 g5 36. fxg6+ Nxg6 37. Nh5 Bh8 38. Bd4 Qc6 39. Bxh8 Kxh8 40. Re1 Qe6 41. Qg3 Qe5 42. Qf3 Qe6 1/2-1/2

[Event "Muensterland Regionalliga 1617"]
[Site "Germany"]
[Date "2016.10.29"]
[Round "2.7"]
[White "Bergemann, Martin"]
[Black "Averkamp Peters, Jens"]
[Result "1-0"]
[WhiteElo "1910"]
[BlackElo "1908"]
[PlyCount "45"]
[EventDate "2016.09.17"]
[EventType "team"]
[EventRounds "9"]
[EventCountry "GER"]
[SourceTitle "EXT 2018"]
[Source "ChessBase"]
[SourceDate "2017.10.13"]
[SourceVersion "1"]
[SourceVersionDate "2017.10.13"]
[SourceQuality "1"]
[WhiteTeam "Raesfeld Erle"]
[BlackTeam "Rheine Klein Berlin"]
[WhiteTeamCountry "GER"]
[BlackTeamCountry "GER"]

1. d4 d5 2. c4 e6 3. Nf3 Nf6 4. Nbd2 Be7 5. g3 0-0 6. Bg2 Nbd7 7. 0-0 c5 8. b3 cxd4 9. Nxd4 Nb6 10. cxd5 exd5 11. Bb2 Re8 12. Rc1 a6 13. Qc2 Bd6 14. Rfd1 Bg4 15. N2f3 Rc8 16. Qd3 Qd7 17. Nh4 Bc5 18. Nhf5 Ne4 19. Nxg7 Nxf2 20. Nxe8 Nxd3 21. Nf6+ Kg7 22. Nxd7 Nxc1 23. Nxc5 1-0

[Event "Muensterland Regionalliga 1516"]
[Site "Germany"]
[Date "2016.05.07"]
[Round "9.6"]
[White "Teloeken, Andreas"]
[Black "Averkamp Peters, Jens"]
[Result "1-0"]
[WhiteElo "1990"]
[BlackElo "1935"]
[PlyCount "111"]
[EventDate "2015.09.05"]
[EventType "team"]
[EventRounds "9"]
[EventCountry "GER"]
[SourceTitle "EXT 2017"]
[Source "ChessBase"]
[SourceDate "2016.10.25"]
[SourceVersion "1"]
[SourceVersionDate "2016.10.25"]
[SourceQuality "1"]
[WhiteTeam "Suedlohn"]
[BlackTeam "Rheine Klein Berlin"]
[WhiteTeamCountry "GER"]
[BlackTeamCountry "GER"]

1. e4 c5 2. c3 e5 3. Nf3 Nc6 4. d4 cxd4 5. cxd4 exd4 6. Nxd4 Qf6 7. Nb5 Bc5 8. Qd2 Qd8 9. N1c3 a6 10. Nd6+ Bxd6 11. Qxd6 Qe7 12. Bf4 Qxd6 13. Bxd6 Nge7 14. 0-0-0 b5 15. Nd5 Nxd5 16. exd5 Na7 17. Bd3 Bb7 18. Rhe1+ Kd8 19. Bf5 Nc8 20. Bb4 a5 21. Bc3 f6 22. b3 Nd6 23. Bc2 Re8 24. Rxe8+ Kxe8 25. Bxh7 Kf7 26. Bc2 b4 27. Bb2 Rc8 28. Kb1 Rc5 29. Bd4 Rxd5 30. Bb6 Rxd1+ 31. Bxd1 Bxg2 32. Bxa5 Ne4 33. Bxb4 Nxf2 34. Be2 Be4+ 35. Ka1 f5 36. Bd2 Ke6 37. b4 Nd3 38. a4 Kd5 39. Ka2 Ne5 40. Kb3 Nf3 41. Bxf3 Bxf3 42. b5 Kd6 43. Kb4 Kc7 44. a5 g6 45. h4 Kb7 46. Kc5 Be2 47. a6+ Ka7 48. Kb4 Kb8 49. Ka5 Bf3 50. b6 Bc6 51. Kb4 Be4 52. Bf4+ Ka8 53. Kc5 Bc6 54. Kd6 Bb5 55. b7+ Ka7 56. Kc7 1-0

[Event "Muensterland Regionalliga 1516"]
[Site "Germany"]
[Date "2016.02.27"]
[Round "7.6"]
[White "Averkamp Peters, Jens"]
[Black "Meyer, Ulrich"]
[Result "0-1"]
[WhiteElo "1935"]
[BlackElo "1892"]
[PlyCount "94"]
[EventDate "2015.09.05"]
[EventType "team"]
[EventRounds "9"]
[EventCountry "GER"]
[SourceTitle "EXT 2017"]
[Source "ChessBase"]
[SourceDate "2016.10.25"]
[SourceVersion "1"]
[SourceVersionDate "2016.10.25"]
[SourceQuality "1"]
[WhiteTeam "Rheine Klein Berlin"]
[BlackTeam "Muenster SK III"]
[WhiteTeamCountry "GER"]
[BlackTeamCountry "GER"]

1. e4 c5 2. d4 cxd4 3. c3 d3 4. Bxd3 Nc6 5. Nf3 e5 6. 0-0 Nf6 7. Be3 Be7 8. b4 a6 9. Nbd2 d5 10. exd5 Nxd5 11. Bc4 b5 12. Bxd5 Qxd5 13. a4 Bb7 14. axb5 axb5 15. Qb3 Qd3 16. Rxa8+ Bxa8 17. Rd1 0-0 18. Nf1 Qg6 19. Ng3 Kh8 20. Bc5 Bxc5 21. bxc5 Rb8 22. Rd6 f6 23. h4 Qe8 24. h5 Na5 25. Qd1 Nc4 26. Ra6 Qc8 27. Qa1 Bxf3 28. gxf3 h6 29. c6 Nb6 30. Ra7 Qxc6 31. Qb1 Nc8 32. Rf7 Nd6 33. Re7 Rb7 34. Rxb7 Qxb7 35. Qb4 Qd5 36. Qg4 Qf7 37. Qb4 Qe6 38. Qc5 f5 39. Qc6 Qf6 40. Qa8+ Kh7 41. Kf1 Qe6 42. Kg2 e4 43. fxe4 f4 44. Ne2 Qg4+ 45. Kf1 Qxh5 46. Qf8 Qh1+ 47. Ng1 f3 0-1

[Event "Muensterland Regionalliga 1516"]
[Site "Germany"]
[Date "2016.01.09"]
[Round "5.7"]
[White "Janning, Rainer"]
[Black "Averkamp Peters, Jens"]
[Result "1-0"]
[WhiteElo "1849"]
[BlackElo "1935"]
[PlyCount "59"]
[EventDate "2015.09.05"]
[EventType "team"]
[EventRounds "9"]
[EventCountry "GER"]
[SourceTitle "EXT 2017"]
[Source "ChessBase"]
[SourceDate "2016.10.25"]
[SourceVersion "1"]
[SourceVersionDate "2016.10.25"]
[SourceQuality "1"]
[WhiteTeam "Steinfurt"]
[BlackTeam "Rheine Klein Berlin"]
[WhiteTeamCountry "GER"]
[BlackTeamCountry "GER"]

1. f4 d5 2. Nf3 c5 3. e3 Nf6 4. b3 Nc6 5. Bb5 Bd7 6. Bb2 Qb6 7. Bxc6 Bxc6 8. Ne5 e6 9. 0-0 Bd6 10. d3 Qc7 11. Nd2 0-0-0 12. Qe2 Rhg8 13. Ndf3 h6 14. Nxc6 Qxc6 15. c4 dxc4 16. bxc4 Nd7 17. Ne5 Bxe5 18. fxe5 Rdf8 19. Rf2 f6 20. Raf1 fxe5 21. Rxf8+ Rxf8 22. Rxf8+ Nxf8 23. Bxe5 Qd7 24. Bc3 g5 25. d4 cxd4 26. exd4 a6 27. Qh5 e5 28. Qxh6 exd4 29. Qxf8+ Kc7 30. Qc5+ 1-0

[Event "Muensterland Verbandsklasse-B 1112"]
[Site "Germany"]
[Date "2011.11.12"]
[Round "3.4"]
[White "Averkamp Peters, Jens"]
[Black "Rebber, Christian"]
[Result "1/2-1/2"]
[WhiteElo "1932"]
[BlackElo "1902"]
[PlyCount "59"]
[EventDate "2011.09.17"]
[EventType "team-tourn"]
[EventRounds "9"]
[EventCountry "GER"]
[SourceTitle "EXT 2013"]
[Source "ChessBase"]
[SourceDate "2012.11.22"]
[SourceVersion "1"]
[SourceVersionDate "2012.11.22"]
[SourceQuality "1"]
[WhiteTeam "Rheine Klein Berlin II"]
[BlackTeam "Duelmen"]
[WhiteTeamCountry "GER"]
[BlackTeamCountry "GER"]

1. e4 c5 2. d4 cxd4 3. Nf3 d6 4. Bc4 e6 5. 0-0 Nf6 6. e5 dxe5 7. Nxe5 a6 8. Qf3 Nbd7 9. Bf4 Nxe5 10. Bxe5 Bd6 11. Bxd6 Qxd6 12. Nd2 0-0 13. Rad1 e5 14. Ne4 Nxe4 15. Qxe4 Be6 16. Bxe6 Qxe6 17. f4 exf4 18. Qxd4 Qe3+ 19. Rf2 Qxd4 20. Rxd4 g5 21. Rfd2 Rac8 22. Kf2 Rc7 23. Kf3 Kg7 24. Rd7 Rfc8 25. c3 Kg6 26. h4 h6 27. R2d6+ f6 28. Kg4 h5+ 29. Kf3 Rxd7 30. Rxd7 1/2-1/2

[Event "Muensterland Verbandsklasse-B 1011"]
[Site "Germany"]
[Date "2011.01.08"]
[Round "5.6"]
[White "Zachert, Klaus"]
[Black "Averkamp Peters, Jens"]
[Result "0-1"]
[WhiteElo "1429"]
[BlackElo "1925"]
[PlyCount "56"]
[EventDate "2010.09.18"]
[EventType "team-tourn"]
[EventRounds "9"]
[EventCountry "GER"]
[SourceTitle "EXT 2012"]
[Source "ChessBase"]
[SourceDate "2011.11.24"]
[SourceVersion "1"]
[SourceVersionDate "2011.11.24"]
[SourceQuality "1"]
[WhiteTeam "Westerkappeln"]
[BlackTeam "Rheine Klein Berlin II"]
[WhiteTeamCountry "GER"]
[BlackTeamCountry "GER"]

1. e4 c5 2. Nf3 Nc6 3. g3 Nf6 4. d3 d5 5. exd5 Nxd5 6. Bg2 Bg4 7. 0-0 Qd7 8. Re1 0-0-0 9. Be3 e5 10. Qd2 Bd6 11. Ng5 Nxe3 12. Qxe3 Nd4 13. Na3 f5 14. f3 Bh5 15. Rac1 h6 16. Nh3 f4 17. gxf4 exf4 18. Qf2 Bxf3 19. c3 Bxg2 20. Kxg2 Qg4+ 21. Kh1 Nf3 22. Rf1 Nh4 23. Ng1 Rhe8 24. Nc4 Bc7 25. Nf3 Nf5 26. Rg1 Qh5 27. Rcd1 Ng3+ 28. Kg2 Re2 0-1

[Event "Muensterland Verbandsklasse-B 1011"]
[Site "Germany"]
[Date "2010.10.09"]
[Round "2.5"]
[White "Broemmel, Chris"]
[Black "Averkamp Peters, Jens"]
[Result "0-1"]
[WhiteElo "1824"]
[BlackElo "1925"]
[PlyCount "56"]
[EventDate "2010.09.18"]
[EventType "team-tourn"]
[EventRounds "9"]
[EventCountry "GER"]
[SourceTitle "EXT 2012"]
[Source "ChessBase"]
[SourceDate "2011.11.24"]
[SourceVersion "1"]
[SourceVersionDate "2011.11.24"]
[SourceQuality "1"]
[WhiteTeam "Raesfeld Erle"]
[BlackTeam "Rheine Klein Berlin II"]
[WhiteTeamCountry "GER"]
[BlackTeamCountry "GER"]

1. e4 c5 2. Nf3 Nc6 3. c3 d5 4. exd5 Qxd5 5. d4 Bg4 6. Be2 0-0-0 7. dxc5 Qe4 8. Nbd2 Bxf3 9. Nxe4 Rxd1+ 10. Bxd1 Bxe4 11. 0-0 e5 12. b4 f5 13. Bb3 Nf6 14. Rd1 f4 15. Be6+ Kc7 16. Bb2 Be7 17. c4 Nxb4 18. Bxe5+ Kc6 19. Bxf4 Bxc5 20. Rd2 Re8 21. Bh3 Nd3 22. Bg5 Nxf2 23. Rxf2 Bd3 24. Bxf6 gxf6 25. g3 Re2 26. Raf1 Rxa2 27. Kh1 Bxf2 28. Bg2+ Kc5 0-1

[Event "Muensterland Verbandsklasse-B 1011"]
[Site "Germany"]
[Date "2010.09.18"]
[Round "1.5"]
[White "Hund, Reinhard"]
[Black "Averkamp Peters, Jens"]
[Result "1-0"]
[WhiteElo "1719"]
[BlackElo "1925"]
[PlyCount "41"]
[EventDate "2010.09.18"]
[EventType "team-tourn"]
[EventRounds "9"]
[EventCountry "GER"]
[SourceTitle "EXT 2012"]
[Source "ChessBase"]
[SourceDate "2011.11.24"]
[SourceVersion "1"]
[SourceVersionDate "2011.11.24"]
[SourceQuality "1"]
[WhiteTeam "Muenster SK IV"]
[BlackTeam "Rheine Klein Berlin II"]
[WhiteTeamCountry "GER"]
[BlackTeamCountry "GER"]

1. d4 d5 2. Nf3 c5 3. e3 Nc6 4. c3 Bg4 5. h3 Bh5 6. Be2 e6 7. Nbd2 Bd6 8. dxc5 Bxc5 9. Nd4 Bxe2 10. Qxe2 e5 11. Qb5 Bxd4 12. cxd4 exd4 13. Qxb7 Nge7 14. Nb3 Rb8 15. Qa6 dxe3 16. Bxe3 d4 17. Rd1 Qd5 18. 0-0 Nf5 19. Bxd4 Nh4 20. Rfe1+ Ne7 21. Rxe7+ 1-0

[Event "Muensterland Verbandsliga 0809"]
[Site "Germany"]
[Date "2008.09.20"]
[Round "1.8"]
[White "Kaufhold, Thomas"]
[Black "Averkamp Peters, Jens"]
[Result "1-0"]
[WhiteElo "2011"]
[BlackElo "1918"]
[PlyCount "79"]
[EventDate "2008.09.20"]
[EventType "team-tourn"]
[EventRounds "9"]
[EventCountry "GER"]
[SourceTitle "EXT 2010"]
[Source "ChessBase"]
[SourceDate "2010.11.25"]
[SourceVersion "1"]
[SourceVersionDate "2010.11.25"]
[SourceQuality "1"]
[WhiteTeam "Muenster SK II"]
[BlackTeam "Rheine Klein Berlin"]
[WhiteTeamCountry "GER"]
[BlackTeamCountry "GER"]

1. d4 f5 2. Nc3 Nf6 3. Bg5 h6 4. Bxf6 exf6 5. e4 Bb4 6. Qh5+ Kf8 7. Qxf5 d6 8. Qf3 Qe8 9. 0-0-0 Nc6 10. Nd5 Qg6 11. h3 Bd7 12. c3 Ba5 13. Bd3 Qf7 14. Ne2 Nd8 15. Nef4 Ne6 16. e5 Nxf4 17. Nxf4 f5 18. e6 Bxe6 19. Nxe6+ Qxe6 20. Bxf5 Qf6 21. Rhe1 Re8 22. g4 Rxe1 23. Rxe1 g6 24. Qxb7 gxf5 25. Qc8+ Kg7 26. Qd7+ Kg6 27. Re6 Rf8 28. Rxf6+ Rxf6 29. f4 fxg4 30. Qxg4+ Kh7 31. Kc2 Bb6 32. b4 a5 33. a3 axb4 34. axb4 Rg6 35. Qf5 Kg7 36. h4 Rf6 37. Qe4 Kf7 38. h5 Re6 39. Qf5+ Ke7 40. Qh7+ 1-0

[Event "Muensterland Verbandsliga 0607"]
[Site "Germany"]
[Date "2007.04.14"]
[Round "8.4"]
[White "Averkamp Peters, Jens"]
[Black "Grotenhuis, Gerard"]
[Result "0-1"]
[WhiteElo "1945"]
[BlackElo "1952"]
[PlyCount "62"]
[EventDate "2006.09.16"]
[EventType "team"]
[EventRounds "9"]
[EventCountry "GER"]
[SourceTitle "EXT 2008"]
[Source "ChessBase"]
[SourceDate "2007.11.25"]
[SourceVersion "1"]
[SourceVersionDate "2007.11.25"]
[SourceQuality "1"]
[WhiteTeam "Rheine Klein Berlin"]
[BlackTeam "Gronau"]
[WhiteTeamCountry "GER"]
[BlackTeamCountry "GER"]

1. e4 d5 2. exd5 Qxd5 3. d4 Nf6 4. c4 Qe4+ 5. Be3 e5 6. Nc3 Bb4 7. Qa4+ Nc6 8. d5 Bxc3+ 9. bxc3 Nxd5 10. Qa3 Nxe3 11. fxe3 Qxe3+ 12. Be2 Bf5 13. Rd1 f6 14. Nf3 Kf7 15. g4 Bxg4 16. Rd3 Qe4 17. Qb3 Bxf3 18. c5+ Ke7 19. Rxf3 Na5 20. Qb5 b6 21. Rg1 g6 22. Rxf6 c6 23. Qb2 Kxf6 24. cxb6 axb6 25. Rf1+ Kg7 26. Qxb6 Rhb8 27. Qc7+ Kh8 28. Rf7 Qh4+ 29. Kd1 Rd8+ 30. Kc2 Qe4+ 31. Kc1 Qe3+ 0-1

[Event "Muensterland Verbandsliga 0607"]
[Site "Germany"]
[Date "2006.11.25"]
[Round "3.5"]
[White "Krosenbrink, Marcel"]
[Black "Averkamp Peters, Jens"]
[Result "0-1"]
[WhiteElo "1860"]
[BlackElo "1945"]
[PlyCount "80"]
[EventDate "2006.09.16"]
[EventType "team"]
[EventRounds "9"]
[EventCountry "GER"]
[SourceTitle "EXT 2008"]
[Source "ChessBase"]
[SourceDate "2007.11.25"]
[SourceVersion "1"]
[SourceVersionDate "2007.11.25"]
[SourceQuality "1"]
[WhiteTeam "Stadtlohn"]
[BlackTeam "Rheine Klein Berlin"]
[WhiteTeamCountry "GER"]
[BlackTeamCountry "GER"]

1. e4 c6 2. d4 d5 3. f3 e5 4. dxe5 Bc5 5. Bd3 Qb6 6. Ne2 Bf2+ 7. Kf1 dxe4 8. Bxe4 f5 9. Bd3 Ne7 10. Nbc3 Nd5 11. Nxd5 cxd5 12. Nc3 Be6 13. Na4 Qd4 14. Bb5+ Nd7 15. Qe2 a6 16. Qxf2 Qxf2+ 17. Kxf2 axb5 18. Nc3 Rc8 19. Nxb5 Rxc2+ 20. Kf1 Kf7 21. Nd6+ Kg6 22. f4 d4 23. h4 Kh5 24. Rh3 Nc5 25. b3 Kg4 26. Ba3 Bd5 27. Rh2 Ne4 28. Ke1 Kg3 29. Rh3+ Kxg2 30. Rd3 Rf2 31. Rad1 Rxf4 32. R1d2+ Nxd2 33. Rxd2+ Kf3 34. Bc5 Rxh4 35. Rf2+ Kg4 36. Bxd4 Rh1+ 37. Kd2 Ra8 38. Ke3 Rh3+ 39. Ke2 Rxa2+ 40. Ke1 Rh1+ 0-1

[Event "Muensterland Verbandsliga 0506"]
[Site "Germany"]
[Date "2006.01.28"]
[Round "6.2"]
[White "Averkamp Peters, Jens"]
[Black "Brueggemann, Ludger"]
[Result "0-1"]
[WhiteElo "1950"]
[BlackElo "2158"]
[PlyCount "106"]
[EventDate "2005.08.27"]
[EventType "team"]
[EventRounds "9"]
[EventCountry "GER"]
[SourceTitle "EXT 2006"]
[Source "ChessBase"]
[SourceDate "2005.11.24"]
[SourceVersion "1"]
[SourceVersionDate "2005.11.24"]
[SourceQuality "1"]
[WhiteTeam "Rheine Klein Berlin"]
[BlackTeam "Olfen"]
[WhiteTeamCountry "GER"]
[BlackTeamCountry "GER"]

1. e4 c5 2. d4 cxd4 3. c3 d3 4. Bxd3 Nc6 5. f4 d6 6. Nf3 e5 7. 0-0 Nf6 8. b4 Be7 9. b5 Na5 10. fxe5 dxe5 11. Nxe5 Qb6+ 12. Kh1 Be6 13. Ba3 Bxa3 14. Nxa3 Qc5 15. Qa4 Qxe5 16. Qxa5 Ng4 17. g3 Qh5 18. h4 Rd8 19. Be2 Qc5 20. Nc2 Nf2+ 21. Kh2 Rd2 22. Nd4 Nxe4 23. Rad1 Qe5 24. Rf4 Rxa2 25. Nxe6 Rxa5 26. Nxg7+ Kf8 27. Nf5 Nd6 28. Rxd6 Qxe2+ 29. Kh3 f6 30. Rd8+ Kf7 31. Rd7+ Ke8 32. Rxb7 Rf8 33. Re4+ Qxe4 34. Nd6+ Kd8 35. Nxe4 h5 36. Nc5 Kc8 37. c4 f5 38. Rh7 f4 39. Ne6 Rf5 40. Nxf4 Ra4 41. Nd5 Rf3 42. Ne7+ Kc7 43. Ng6+ Kd6 44. Rxh5 Rxc4 45. Ne5 Rc5 46. Nxf3 Rxh5 47. Ng5 Kc5 48. Kg4 Rh8 49. Kf5 Kxb5 50. Kg6 a5 51. Kg7 Re8 52. g4 a4 53. Nf7 Kc6 0-1

[Event "Muensterland Verbandsliga 0506"]
[Site "Germany"]
[Date "2005.08.27"]
[Round "1.2"]
[White "Averkamp Peters, Jens"]
[Black "Wellen, Hendrik"]
[Result "0-1"]
[WhiteElo "1950"]
[BlackElo "2115"]
[PlyCount "56"]
[EventDate "2005.08.27"]
[EventType "team"]
[EventRounds "9"]
[EventCountry "GER"]
[SourceTitle "EXT 2006"]
[Source "ChessBase"]
[SourceDate "2005.11.24"]
[SourceVersion "1"]
[SourceVersionDate "2005.11.24"]
[SourceQuality "1"]
[WhiteTeam "Rheine Klein Berlin"]
[BlackTeam "Heiden"]
[WhiteTeamCountry "GER"]
[BlackTeamCountry "GER"]

1. e4 c5 2. d4 cxd4 3. c3 Nf6 4. e5 Nd5 5. Bc4 Nb6 6. Bb3 e6 7. f4 d6 8. Nf3 Bd7 9. 0-0 Bb5 10. c4 Ba6 11. f5 exf5 12. e6 f6 13. Nh4 Qc7 14. e7 Bxe7 15. Nxf5 Bf8 16. Re1+ Kd8 17. Nxd4 Qd7 18. Ne6+ Kc8 19. Nxf8 Rxf8 20. c5 Nc4 21. Na3 Ne5 22. cxd6 Nbc6 23. Bf4 Rd8 24. Qc2 Bd3 25. Qf2 Qf5 26. Rac1 Rxd6 27. Qc5 Qxf4 28. Qxd6 Nf3+ 0-1